Score 0/30 Timer 03:00
1 Play Today
Clue 4-Letter Word % Correct
Sculpture of the headBUST
93.1%
British elevatorLIFT
92.9%
A deadly sinLUST
92.9%
• 2008: The Curious ____ of Benjamin Button •• CASE •
92.4%
• 2008: ____ After Reading •• BURN •
92.2%
Lancaster or Reynolds, e.g.BURT
92.1%
Capital of SwitzerlandBERN
91.3%
Register a voteCAST
87.2%
Price paidCOST
86.6%
Scrabble pieceTILE
85.3%
Underground hollowCAVE
84.4%
Severe sentenceLIFE
84.2%
Past participle of the most common English verbBEEN
81.5%
BayCOVE
80.3%
Gimlet fruitLIME
79.8%
Clue 4-Letter Word % Correct
NarrativeTALE
78.7%
ProngTINE
78.6%
• 2011: We [rung 1] to ____ About Kevin •• TALK •
78.4%
In caseLEST
76.8%
• 2013: Only Lovers ____ Alive •• LEFT •
76.5%
• 2011: We ____ to [rung 28] About Kevin •• NEED •
75.5%
• 2009: I Am ____• LOVE •
70.3%
AccomplishmentDEED
70.2%
Capital of TogoLOMÉ
66.1%
Short, high-pitched toneBEEP
63.5%
• 2001: The ____ End •• DEEP •
61%
Three-dimensional geometric shapeCONE
60.7%
Abbrev. for more to comeCONT.
59.6%
• 1999: The War ____• ZONE •
49%
Low-cost publicationZINE
48.6%

Today's Daily Dose

Remove Ads.
Support Sporcle.
Get the best of Sporcle when you Go Orange. This ad-free experience offers more features, more stats, and more fun while also helping to support Sporcle. Thank you for becoming a member.

You're not logged in!

Compare scores with friends on all Sporcle quizzes.
OR
Log In

Show Comments

Extras

Top Quizzes Today


Score Distribution

Your Account Isn't Verified!

In order to create a playlist on Sporcle, you need to verify the email address you used during registration. Go to your Sporcle Settings to finish the process.

Report this User

Report this user for behavior that violates our Community Guidelines.

Details: